<?xml version="1.0" encoding="UTF-8"?>
<record
    xmlns:xsi="http://www.w3.org/2001/XMLSchema-instance"
    xsi:schemaLocation="http://www.loc.gov/MARC21/slim http://www.loc.gov/standards/marcxml/schema/MARC21slim.xsd"
    xmlns="http://www.loc.gov/MARC21/slim">

  <leader>00911cam a2200313 ib4500</leader>
  <controlfield tag="001">2469422</controlfield>
  <controlfield tag="003">YEEZEN</controlfield>
  <controlfield tag="005">20241226104626.0</controlfield>
  <controlfield tag="008">241125s2024    ch     g      000 0 chi d</controlfield>
  <datafield tag="020" ind1=" " ind2=" ">
    <subfield code="a">9786263559370</subfield>
    <subfield code="q">(&#x5E73;&#x88DD;) :</subfield>
    <subfield code="c">NT$480</subfield>
  </datafield>
  <datafield tag="040" ind1=" " ind2=" ">
    <subfield code="a">TCPL</subfield>
    <subfield code="b">chi</subfield>
    <subfield code="c">TCPL</subfield>
    <subfield code="d">TCPL</subfield>
    <subfield code="e">ccr</subfield>
  </datafield>
  <datafield tag="042" ind1=" " ind2=" ">
    <subfield code="a">nbic</subfield>
  </datafield>
  <datafield tag="084" ind1=" " ind2=" ">
    <subfield code="a">487.1</subfield>
    <subfield code="2">ncsclt</subfield>
  </datafield>
  <datafield tag="090" ind1=" " ind2=" ">
    <subfield code="a">487.1</subfield>
  </datafield>
  <datafield tag="100" ind1="1" ind2=" ">
    <subfield code="a">&#x6731;&#x4E59;&#x771F;</subfield>
  </datafield>
  <datafield tag="245" ind1="1" ind2="0">
    <subfield code="a">&#x5B88;&#x8B77;&#x751F;&#x547D;&#x7684;&#x95DC;&#x9375;&#x529B;&#x91CF; :</subfield>
    <subfield code="b">&#x91AB;&#x7642;&#x5E55;&#x5F8C;&#x82F1;&#x96C4;&#x91AB;&#x5DE5;&#x5E2B; /</subfield>
    <subfield code="c">&#x6731;&#x4E59;&#x771F;, &#x9EC3;&#x7B71;&#x73EE;, &#x90B5;&#x51B0;&#x5982;&#x8457;</subfield>
  </datafield>
  <datafield tag="246" ind1="3" ind2="0">
    <subfield code="a">&#x91AB;&#x7642;&#x5E55;&#x5F8C;&#x82F1;&#x96C4;&#x91AB;&#x5DE5;&#x5E2B;</subfield>
  </datafield>
  <datafield tag="250" ind1=" " ind2=" ">
    <subfield code="a">&#x7B2C;&#x4E00;&#x7248;</subfield>
  </datafield>
  <datafield tag="260" ind1=" " ind2=" ">
    <subfield code="a">&#x81FA;&#x5317;&#x5E02; :</subfield>
    <subfield code="b">&#x9060;&#x898B;&#x5929;&#x4E0B;&#x6587;&#x5316;,</subfield>
    <subfield code="c">2024.09</subfield>
  </datafield>
  <datafield tag="300" ind1=" " ind2=" ">
    <subfield code="a">287&#x9762; ;</subfield>
    <subfield code="c">21&#x516C;&#x5206;</subfield>
  </datafield>
  <datafield tag="490" ind1="1" ind2=" ">
    <subfield code="a">&#x8CA1;&#x7D93;&#x4F01;&#x7BA1; ;</subfield>
    <subfield code="v">856.</subfield>
  </datafield>
  <datafield tag="650" ind1=" " ind2="7">
    <subfield code="a">&#x91AB;&#x9662;&#x885B;&#x6750;&#x7BA1;&#x7406;</subfield>
    <subfield code="2">lcstt.</subfield>
  </datafield>
  <datafield tag="650" ind1=" " ind2="7">
    <subfield code="a">&#x91AB;&#x7642;&#x7528;&#x54C1;</subfield>
    <subfield code="2">lcstt.</subfield>
  </datafield>
  <datafield tag="650" ind1=" " ind2="7">
    <subfield code="a">&#x6A5F;&#x5668;&#x7DAD;&#x4FEE;</subfield>
    <subfield code="2">lcstt.</subfield>
  </datafield>
  <datafield tag="700" ind1="1" ind2=" ">
    <subfield code="a">&#x9EC3;&#x7B71;&#x73EE;</subfield>
  </datafield>
  <datafield tag="700" ind1="1" ind2=" ">
    <subfield code="a">&#x90B5;&#x51B0;&#x5982;</subfield>
  </datafield>
  <datafield tag="830" ind1=" " ind2="0">
    <subfield code="a">&#x8CA1;&#x7D93;&#x4F01;&#x7BA1; ;</subfield>
    <subfield code="v">856.</subfield>
  </datafield>
  <datafield tag="942" ind1=" " ind2=" ">
    <subfield code="2">ccl</subfield>
    <subfield code="c">BOOK</subfield>
  </datafield>
  <datafield tag="999" ind1=" " ind2=" ">
    <subfield code="c">7622</subfield>
    <subfield code="d">7622</subfield>
  </datafield>
  <datafield tag="952" ind1=" " ind2=" ">
    <subfield code="0">0</subfield>
    <subfield code="1">0</subfield>
    <subfield code="2">ccl</subfield>
    <subfield code="4">0</subfield>
    <subfield code="7">0</subfield>
    <subfield code="a">yeezen</subfield>
    <subfield code="b">yeezen</subfield>
    <subfield code="c">YEEZEN</subfield>
    <subfield code="d">2024-12-26</subfield>
    <subfield code="l">1</subfield>
    <subfield code="o">487.1</subfield>
    <subfield code="p">C03206</subfield>
    <subfield code="r">2025-04-11 00:00:00</subfield>
    <subfield code="s">2025-03-28</subfield>
    <subfield code="w">2024-12-26</subfield>
    <subfield code="y">BOOK</subfield>
    <subfield code="z">&#x4ED6;&#x5011;&#x662F;&#x91AB;&#x7642;&#x5100;&#x5668;&#x8A2D;&#x5099;&#x7684;&#x300C;&#x91AB;&#x5E2B;&#x300D; &#x88AB;&#x7A31;&#x70BA;&#x300C;&#x91AB;&#x5DE5;&#x5E2B;&#x300D; &#x5F9E;&#x900F;&#x6790;&#x7528;&#x7684;&#x9006;&#x6EF2;&#x900F;&#x7D14;&#x6C34; &#x5230;&#x5C16;&#x7AEF;&#x7684;&#x8CEA;&#x5B50;&#x6CBB;&#x7642;&#x5100;&#x3001;&#x91CD;&#x7C92;&#x5B50;&#x653E;&#x5C04;&#x6CBB;&#x7642;&#x5100;&#x5668; &#x91AB;&#x5DE5;&#x5E2B;&#x6BCF;&#x5929;&#x7167;&#x9867;&#x91AB;&#x9662;&#x4E0A;&#x5343;&#x9805;&#x91AB;&#x7642;&#x5100;&#x5668;&#x8207;&#x8A2D;&#x5099; &#x5168;&#x5E74;&#x7121;&#x4F11;</subfield>
  </datafield>
</record>
